000 01038nam a22003014a 4500
001 37467
003 BD-RjUL
005 20211209052619.0
008 150120s2001 ne a bf 001 0 eng c
020 _a9054107162
035 _a(OCoLC)ocm47657271
035 _a(BD-RjUL)
040 _aAZS
_cAZS
_dOHX
_beng
041 1 _aeng
_bfre
072 7 _aTA
_2lcco
082 _a630.243
_bPAS 2001
100 1 _aPansu, Marc.
_9115066
245 1 0 _aSoil analysis :
_bsampling, instrumentation and quality control /
_cMarc Pansu, Jacques Gautheyrou, Jean-Yves Loyer ; translated by V.A.K. Sarma.
260 _aLisse [Netherlands] ;
_aExton, PA :
_bA.A. Balkema,
_cc2001.
300 _axii, 489 p. :
_bill. ;
_c25 cm.
504 _aIncludes bibliographical references and index.
650 0 _aSoils
_xAnalysis
_vHandbooks, manuals, etc.
_9115067
650 0 _aSoil science
_xTechnique
_vHandbooks, manuals, etc.
_9115068
700 1 _aGautheyrou, Jacques.
_9115069
942 _2ddc
_cBK
999 _c37467
_d37467